| 000 -LEADER |
| fixed length control field |
00674cam a2200193 a 4500 |
| 003 - CONTROL NUMBER IDENTIFIER |
| control field |
OSt |
| 005 - DATE AND TIME OF LATEST TRANSACTION |
| control field |
20230705180947.0 |
| 008 - FIXED-LENGTH DATA ELEMENTS--GENERAL INFORMATION |
| fixed length control field |
000803s1997 ii a b 001 0 eng |
| 100 1# - MAIN ENTRY--PERSONAL NAME |
| Personal name |
Chakrabarti, Debkumar. |
| 245 10 - TITLE STATEMENT |
| Title |
Indian anthropometric dimensions for ergonomic design practice / |
| Statement of responsibility, etc |
Debkumar Chakrabarti. |
| 260 ## - PUBLICATION, DISTRIBUTION, ETC. (IMPRINT) |
| Place of publication, distribution, etc |
Ahmedabad : |
| Name of publisher, distributor, etc |
National Institute of Design, |
| Date of publication, distribution, etc |
c1997. |
| 300 ## - PHYSICAL DESCRIPTION |
| Extent |
xii, 161 p. : |
| Other physical details |
ill. ; |
| Dimensions |
29 cm. |
| 504 ## - BIBLIOGRAPHY, ETC. NOTE |
| Bibliography, etc |
Includes bibliographical references (p. 153-156) and index. |
| 650 #0 - SUBJECT ADDED ENTRY--TOPICAL TERM |
| Topical term or geographic name as entry element |
Anthropometry |
| Geographic subdivision |
India. |
| 650 #0 - SUBJECT ADDED ENTRY--TOPICAL TERM |
| Topical term or geographic name as entry element |
East Indians |
| General subdivision |
Anthropometry. |
| 650 #0 - SUBJECT ADDED ENTRY--TOPICAL TERM |
| Topical term or geographic name as entry element |
Human engineering |
| Geographic subdivision |
India. |
| 710 2# - ADDED ENTRY--CORPORATE NAME |
| Corporate name or jurisdiction name as entry element |
National Institute of Design. |
| 942 ## - ADDED ENTRY ELEMENTS (KOHA) |
| Source of classification or shelving scheme |
|